00588nam a2200193Ia 450000500170000000800410001702000150005808200230007310000180009624500750011426000400018930000150022965000110024465000100025565000090026594200060027495200990028099900150037920250325063954.0240331s9999 xx 000 0 und d a0415904315 a302.234bMIN23891 aMinh-Ha, T. T 0aWhen the Moon Waxes Red:bRepresentation, Gender and Cultural Politics aLondon;aNew York,bRoutledgec1991 ax, 252 p., aGender aWomen aFilm cL 001040708LaWERCLbWERCLcSSCd2024-03-31l0o 302.234 MINp3891r2024-03-31w2024-03-31yL c1175d1175